000
00257nam a2200109Ia 4500
008
240521s2008 xx 000 0 und d
041
_a
eng
100
_a
SAVANT E.V.
245
_a
PARNALPARVAT PANHALGAD
260
_b
ELST WITH ARNOLD
_c
2008
300
_a
70
999
_c
1160600
_d
1160600